Jancsó professzor záróelőadásával végetért az Élettani Társaság vándorgyűlése

Elmentve itt :
Bibliográfiai részletek
Dokumentumtípus: Cikk
Megjelent: 1943-06-27
Sorozat:Délmagyarország
Kulcsszavak:Vándorgyűlés, Magyar Élettani Társaság, Jancsó Miklós
Online Access:http://univ.bibl.u-szeged.hu/35323
LEADER 00534nab a2200157 i 4500
001 univ35323
005 20171214105245.0
008 171214s1943 hu o 0|| zxx d
040 |a SZTE UnivHistória Repozitórium  |b hun 
041 |a zxx 
245 0 0 |a Jancsó professzor záróelőadásával végetért az Élettani Társaság vándorgyűlése  |h [elektronikus dokumentum] 
260 |c 1943-06-27 
300 |a 4 
490 0 |a Délmagyarország 
561 |a Egyetemi hirarchívum 
695 |a Vándorgyűlés, Magyar Élettani Társaság, Jancsó Miklós